000 00703nam a2200277 a 4500
003 AR-BaBNM
005 20251128204050.0
008 082120s2002 ||||||||||||||000 | spa||
020 _a950-40-0008-8
040 _cAR-BaBNM
100 1 _aVargas Llosa, Mario
245 0 0 _aLos jefes ;
_bLos cachorros
250 _a8ยช ed.
260 _aBuenos Aires
_bAlianza Editorial
_c1984
300 _a144 p.
490 0 _aLibro de Bolsillo
650 4 _aLITERATURA LATINOAMERICANA
650 4 _aESCRITORES
650 4 _aLITERATURA CONTEMPORANEA
653 _aNARRATIVA
653 _aBOOM LATINOAMERICANO
653 _aLITERATURA PERUANA
655 _aLITERATURA
942 _cBK
998 _cMARTIN
999 _c6028
_d6028